000 00374cam a2200145ua 4500
020 _a81-219-26165
082 _a620.1
_bKHU/TE
100 _aKhurmi, R S .
_91394
245 _aA Text book of Engineering Mechanics / (SI units)
250 _a20 th Rev
260 _aNew Delhi :
_bS.Chand and Company Pvt.Ltd
_c2014
300 _a765
500 _a20886-Scheme
942 _cBK
999 _c1329
_d1329